000 00600nam a2200193Ia 4500
003 GCL
008 140319s9999 xx 000 0 ara d
040 _aGCL /
_cGCL
082 0 4 _a791.45
_bر ع
100 1 _aصلاح عامر (مراجع)
245 1 0 _aالعمل التليفزيونى /
_cصلاح عامر (مراجع)
700 1 _aروثا، بول
700 1 _aتماضر توفيق (مترجم)
300 _a211 ص
490 _aالالف كتاب
_v0
650 0 4 _aبرامج التليفزيون
650 0 4 _aالتليفزيون - التأثير النفسى
942 _2ddc
_cBK
999 _c46879
_d46879